| 000 | 00467nam a2200181Ia 4500 | ||
|---|---|---|---|
| 003 | GCL | ||
| 008 | 140319s9999 xx 000 0 eng d | ||
| 040 |
_aGCL / _cGCL |
||
| 082 | 0 | 4 |
_aCH _b372.6 _bD B |
| 100 | 1 | _aDAVIES, HELEN | |
| 245 | 1 | 0 |
_aBEGINNERS'S SPANISH DICTIONARY / _cDAVIES, HELEN |
| 260 |
_a[S.N] : _bUSBORNE LANGUAGE BOOKS ، _c1988 |
||
| 300 | _a128 P | ||
| 650 | 0 | 4 | _aCHILDREN |
| 650 | 0 | 4 | _aEDUCATION |
| 650 | 0 | 4 | _aSPANISH LANGUAGE |
| 942 |
_2ddc _cBK |
||
| 999 |
_c15113 _d15113 |
||